000 01294cam a2200361 a 4500
001 z9livm b1382941
003 OCoLC
005 20250117154200.0
008 970224t19971997onca j 000 1 spa d
020 _a1550374494 :
020 _a9781550374490
040 _aLIV
_beng
_cLIV
041 1 _aspa
_heng
090 _ajSPAN PIC
_bWAY
100 1 _aVon Konigslow, Andrea Wayne
245 1 0 _aMe querrias tu? /
_cescrito e ilustrado por Andrea Wayne von Konigslow ; traduccion de Beatriz Zeller.
246 3 0 _aWould you love me?
250 _aSpanish.
260 _aToronto :
_bAnnick Press,
_cc1997.
264 1 _aToronto :
_bAnnick Press,
_c[1997]
264 4 _cc1997.
300 _a30 unnumbered pages :
_bcolor illustrations ;
_c21 cm.
336 _atext
_btxt
_2rdacontent.
337 _aunmediated
_bn
_2rdamedia.
338 _avolume
_bnc
_2rdacarrier.
500 _aTranslation of: Would you love me?
520 _aColorful illustrations and rhyming text ask questions like "Would you love a rooster that wakes people up?" or "Would you love a skunk that is stinky and smelly?"
526 0 _aAccelerated Reader AR
_bLG
_c2.3
_d0.5
_z43437.
650 1 _aSpanish language materials
_vFiction.
655 7 _aFiction.
_2lcgft.
700 1 _aHausner, Beatriz.
942 _cBK
_2ddc
999 _c30344
_d30342